| 000 | 00491nam a2200145Ia 4500 | ||
|---|---|---|---|
| 008 | 220214s9999 xx 000 0 und d | ||
| 245 | 0 | _aRubber Research Institute of Malaysia, Annual Report | |
| 247 | _aRubber Research Institute of Malaya, Annual Report | ||
| 260 |
_bRubber Research Institute of Malaysia, Kuala Lumpur _aMalaysia |
||
| 310 | _aA | ||
| 500 | _aEnding Volume & Year: 1992, | ||
| 500 | _aMissing Volume: 1983-1985 | ||
| 500 | _aStarting Volume & Year: 1973, | ||
| 942 | _cBJ | ||
| 999 |
_c7357 _d7357 |
||